NLSUI OPAC header image

Small steps, great strides : Doing participatory action research with children / (Record no. 35303)

MARC details
000 -LEADER
fixed length control field 01070nam a2200229Ia 4500
003 - CONTROL NUMBER IDENTIFIER
control field OSt
005 - DATE AND TIME OF LATEST TRANSACTION
control field 20260113070004.0
008 - FIXED-LENGTH DATA ELEMENTS--GENERAL INFORMATION
fixed length control field 160316s2001 xxu||||| |||| 00| 0 eng d
020 ## - INTERNATIONAL STANDARD BOOK NUMBER
International Standard Book Number 9789715290517
040 ## - CATALOGING SOURCE
Transcribing agency n
082 ## - DEWEY DECIMAL CLASSIFICATION NUMBER
Classification number 305.23 CRU
100 ## - MAIN ENTRY--PERSONAL NAME
Personal name Cruz Teresa
245 ## - TITLE STATEMENT
Title Small steps, great strides : Doing participatory action research with children /
Remainder of title Teresa Cruz
260 ## - PUBLICATION, DISTRIBUTION, ETC.
Place of publication, distribution, etc. Germany :
Name of publisher, distributor, etc. Psychoscial Truama and Human Rights ,
Date of publication, distribution, etc. 2001
300 ## - PHYSICAL DESCRIPTION
Extent 195p.;
Dimensions ix
365 ## - TRADE PRICE
Price amount Gratis
505 ## - FORMATTED CONTENTS NOTE
Formatted contents note Notes:<br/>A project of the Psychosocial Trauma and Human Rights Program, UP Center for Integrative and Development Studies, in cooperation with Arci Cultura E Sviluppo (ARCS); an initiative funded by the Italian Cooperation for Development; printed with the assistance of UNICEF.<br/>This is a companion document to Trust and Power: Child Abuse in the Eyes of the Child and the Parent.
650 ## - SUBJECT ADDED ENTRY--TOPICAL TERM
Topical term or geographic name entry element Children - Cross Cultural Studies
650 ## - SUBJECT ADDED ENTRY--TOPICAL TERM
Topical term or geographic name entry element Childrens - Research Methodology
700 ## - ADDED ENTRY--PERSONAL NAME
Personal name Protacio-de Castro Elizabeth
-- Balnon Faye G
942 ## - ADDED ENTRY ELEMENTS (KOHA)
Source of classification or shelving scheme Dewey Decimal Classification
Koha item type BOOKs
Holdings
Withdrawn status Lost status Damaged status Not for loan Home library Current library Shelving location Date acquired Total Checkouts Full call number Barcode Date last seen Date last checked out Price effective from Koha item type
        . .   30.05.2017 2 305.23 CRU 30904 04.12.2023 25.11.2023 30.05.2017 BOOKs